000 00409nmm a22001577a 4500
005 20220620085320.0
008 150728b xxu||||| |||| 00| 0 spa d
041 _aspa
082 _aMD 224
100 _aLeiva Araya, Fabiola
_94465
245 _aInforme de Práctica Supervisada realizado en Caribe Dental
260 _c2014
650 _aCOSTA RICA
_963836
650 _aPRÓTESIS TOTAL
_93685
942 _cIP
999 _c6914
_d6914